| 000 | 00921cam a22003017a 4500 | ||
|---|---|---|---|
| 003 | CHAP | ||
| 005 | 20220329141326.0 | ||
| 008 | 971013s r 00010 d | ||
| 010 | _a66414 | ||
| 011 | _a67386 | ||
| 035 | _a76856 | ||
| 040 | _cCHAP | ||
| 090 | _aR-2365 | ||
| 100 | 0 | 0 |
_aHendrickson, O. _953559 |
| 245 | 0 | _aNitrification potential in an alder plantation | |
| 500 | _aSobretiro de : Canadian Journal of Forest Research 14 (4): 543-546, 1984 | ||
| 590 |
_aBATCH-UPD _b10 _c20130110 _lUCH01 _h0051 |
||
| 590 |
_aBATCH-UPD _b10 _c20130110 _lUCH01 _h0521 |
||
| 590 |
_aBATCH-UPD _b10 _c20130409 _lUCH01 _h2038 |
||
| 590 |
_aBATCH-UPD _b10 _c20130914 _lUCH01 _h0243 |
||
| 590 |
_aCONVERSION _b10 _c20130109 _lUCH01 _h1337 |
||
| 650 | 1 | 4 |
_aAlnus. _94552 |
| 650 | 1 | 4 |
_aNitrificación. _981394 |
| 700 | 0 |
_aChatarpaul, L. _922001 |
|
| 901 | _aBK | ||
| 942 | _cREIMP | ||
| 949 |
_aR-2365 _bBC _cR _d-29713 _eTS1 _i76856 _si |
||
| 999 |
_c66414 _d66414 |
||